| 000 | 00831nam a22001935i 4500 | ||
|---|---|---|---|
| 001 | 154845 | ||
| 003 | ES-MaACL | ||
| 005 | 20250917063054.0 | ||
| 008 | 040712s1869 sp a |||| | spa d | ||
| 040 |
_aCAM _bspa _cCAM |
||
| 100 | 1 |
_aGuérin, Alphonse, _d1816-1895 _9127679 |
|
| 245 | 1 | 0 |
_aElementos de cirugía operatoria ó Tratado practico de las operaciones / _cpor Alfonso Guérin; traducido al castellano de la última edicion francesa y anotado por Rafael Martinez y Molina. |
| 260 |
_aMadrid [etc.] : _bCarlos Bailly-Bailliere [etc.], _c1869 ( _fImprenta Bailly-Bailliere) |
||
| 300 |
_a582 p. : _bil. ; _c23 cm. |
||
| 650 | 0 | 7 |
_aCirugía _2embne _911050 |
| 700 | 0 |
_aMartínez y Molina, Rafael. _978484 |
|
| 852 |
_aES-MaACL _jG-14057 _z-- Enc. tela _z-- Legado de Gustavo Saenz Diez |
||
| 999 |
_c154845 _d154845 |
||